000 00728nam a2200229Ia 4500
001 dia_2215
003 CHAP
005 20251021153423.0
008 220117s1974 xx 000 0 und d
010 _a172734
040 _cCHAP
082 _a641.1 L32
100 _aLabuza, T.
_9152402
245 _aFood For Thogth /
_c by T. Labuza
260 _aWestport, Connecticut :
_b the Avi Publishing Co.,
_c1974
300 _a179 p.
600 _a1.Nutrición/ 2.Alimentos-conservación/ 3.Alimentos- deshidratación/ 4.Alimentos-leyes y legislación-E.U./ 5.Alimentos-enlatado.
_9152403
901 _a641.1 L32
902 _aM
905 _a0000001974 WESX 0000000000ING00
942 _cLIBRO
_2ddc
999 _c172734
_d172734